Statistics for Astronomy - True or False

Click here to take the quiz!

General Stats

  • This quiz has been taken 139 times
  • The average score is 11 of 11

Answer Stats

HintAnswer% Correct
Mars' surface is made of Sulphuric Acid.False
99%
Venus' atmosphere is mostly made of CO2.True
99%
Mercury is smaller than the moons of Mars.False
98%
Earth's atmosphere is mostly made of Oxygen.False
98%
Jupiter's Atmosphere is made of Hydrogen & Helium.True
98%
Uranus' atmosphere is mostly made of Uranium.False
97%
Saturn rings are made of icy chunks, dust, and rocks.True
97%
In Neptune, it rains diamonds.True
97%
Andromeda is the farthest galaxy from the Milky Way Galaxy.False
95%
The Sun's surface is called the corona.False
94%
There is a galaxy that has the name 'Tadpole'True
94%

Score Distribution

Percentile by Number Answered

Percent of People with Each Score

Your Score History

You have not taken this quiz